| 000 | 00676nam a2200241Ia 4500 | ||
|---|---|---|---|
| 003 | OSt | ||
| 005 | 20220925213137.0 | ||
| 006 | a|||||r|||| 00| 0 | ||
| 007 | ta | ||
| 008 | 220923b |||||||| |||| 00| 0 eng d | ||
| 020 | _a0906224128 | ||
| 037 | _cGeneral Book | ||
| 040 |
_aRTL _cRTL _beng |
||
| 041 |
_2eng _aeng |
||
| 082 | _aY15:471.1.N8<--K40, M4 | ||
| 100 |
_aCliff Tony _996635 |
||
| 245 | 0 | _aClass struggle and women's liberation 1640 to today | |
| 260 |
_aLondon _bBookmarks _c1984 |
||
| 300 |
_a271p _ccm. |
||
| 650 | _aWomen Sociology | ||
| 942 |
_hY15:471.1.N8<--K40, M4 _cGB _2CC |
||
| 999 |
_c562141 _d562141 |
||